<?xml version="1.0" encoding="UTF-8"?>
<record
    xmlns:xsi="http://www.w3.org/2001/XMLSchema-instance"
    xsi:schemaLocation="http://www.loc.gov/MARC21/slim http://www.loc.gov/standards/marcxml/schema/MARC21slim.xsd"
    xmlns="http://www.loc.gov/MARC21/slim">

  <leader>01605nam a22001937a 4500</leader>
  <controlfield tag="003">OSt</controlfield>
  <controlfield tag="005">20231215085938.0</controlfield>
  <controlfield tag="008">231211s2002    ag ||||| |||| 00| f spa d</controlfield>
  <datafield tag="020" ind1=" " ind2=" ">
    <subfield code="a">950072278X</subfield>
  </datafield>
  <datafield tag="040" ind1=" " ind2=" ">
    <subfield code="c">besoc</subfield>
  </datafield>
  <datafield tag="100" ind1="1" ind2=" ">
    <subfield code="a">Allende, Isabel,</subfield>
    <subfield code="d">(1942-),</subfield>
    <subfield code="e">autor</subfield>
  </datafield>
  <datafield tag="245" ind1="1" ind2="3">
    <subfield code="a">La ciudad de las bestias /</subfield>
    <subfield code="c">Isabel Allende</subfield>
  </datafield>
  <datafield tag="260" ind1=" " ind2=" ">
    <subfield code="a">Bueno Aires :</subfield>
    <subfield code="b">Sudamericana,</subfield>
    <subfield code="c">2002</subfield>
  </datafield>
  <datafield tag="300" ind1=" " ind2=" ">
    <subfield code="a">304 p.</subfield>
  </datafield>
  <datafield tag="500" ind1=" " ind2=" ">
    <subfield code="a">La ciudad de las bestias es el primer tomo de la trilog&#xED;a para j&#xF3;venes adultos de Isabel Allende (que incluye El reino del drag&#xF3;n de oro y El bosque de los pigmeos).</subfield>
  </datafield>
  <datafield tag="520" ind1=" " ind2=" ">
    <subfield code="a">Alexander Cold es un muchacho americano de quince a&#xF1;os que parte al Amazonas con su abuela Kate, periodista especializada en viajes. La expedici&#xF3;n se interna en la selva en busca de una extra&#xF1;a bestia gigantesca. Junto a su compa&#xF1;era de viaje, Nadia Santos, y un centenario cham&#xE1;n ind&#xED;gena, Alex conocer&#xE1; un mundo sorprendente y juntos vivir&#xE1;n una gran aventura.
El universo ya conocido de Isabel Allende se ampl&#xED;a en La Ciudad de las bestias con nuevos elementos de realismo m&#xE1;gico, aventura y naturaleza. Los j&#xF3;venes protagonistas, Nadia y Alexander, se internan en la inexplorada selva amaz&#xF3;nica llevando de la mano al lector en un viaje sin pausa por un territorio misterioso donde se borran los l&#xED;mites entre la realidad y el sue&#xF1;o, donde hombres y dioses se confunden, donde los esp&#xED;ritus andan de la mano con los vivos.
Una aventura fant&#xE1;stica para lectores de todas las edades. [Nota del editor]</subfield>
  </datafield>
  <datafield tag="650" ind1=" " ind2="4">
    <subfield code="a">Literatura chilena</subfield>
    <subfield code="v">Novela</subfield>
    <subfield code="y">Siglo XXI</subfield>
    <subfield code="x">Colecci&#xF3;n juvenil</subfield>
  </datafield>
  <datafield tag="942" ind1=" " ind2=" ">
    <subfield code="2">udc</subfield>
    <subfield code="c">OG</subfield>
    <subfield code="n">0</subfield>
  </datafield>
  <datafield tag="999" ind1=" " ind2=" ">
    <subfield code="c">153</subfield>
    <subfield code="d">153</subfield>
  </datafield>
  <datafield tag="952" ind1=" " ind2=" ">
    <subfield code="0">0</subfield>
    <subfield code="1">0</subfield>
    <subfield code="2">udc</subfield>
    <subfield code="4">0</subfield>
    <subfield code="7">0</subfield>
    <subfield code="8">CG</subfield>
    <subfield code="a">ESOCIALES</subfield>
    <subfield code="b">ESOCIALES</subfield>
    <subfield code="d">2023-12-15</subfield>
    <subfield code="l">0</subfield>
    <subfield code="o">82-312.9(83) AL432</subfield>
    <subfield code="p">000942</subfield>
    <subfield code="r">2023-12-15 00:00:00</subfield>
    <subfield code="w">2023-12-15</subfield>
    <subfield code="y">OG</subfield>
  </datafield>
</record>
